Pharmaceutical biochemistry: A comprehensive approach (Record no. 360909)

MARC details
000 -LEADER
fixed length control field 00568 a2200205 4500
005 - DATE & TIME
control field 20250227151017.0
008 - FIXED-LENGTH DATA ELEMENTS--GENERAL INFORMATION
fixed length control field 250204b |||||||| |||| 00| 0 eng d
020 ## - ISBN
International Standard Book Number 9789391910945
Price Rs. 895.00
040 ## - CATALOGING SOURCE
Original cataloging agency VIVEKANANDA LIBRARY
082 ## - DDC NUMBER
Classification number 615.19
Book Number S71P
100 ## - MAIN ENTRY--PERSONAL NAME
Personal name Saravanan, G
245 ## - TITLE STATEMENT
Title Pharmaceutical biochemistry: A comprehensive approach
260 ## - PUBLICATION, DISTRIBUTION, ETC. (IMPRINT)
Name of publisher, distributor, etc PharmaMed Press
Place of publication, distribution, etc 2022
Date of publication, distribution, etc Hyderabad
300 ## - PHYSICAL DESCRIPTION
Pages xix, 518
650 ## - Subject
Subject Pharmaceutical Biochemistry
650 ## - Subject
Subject Pharmaceutical Science
650 ## - Subject
Subject Immunochemistry
700 ## - Added Entry Personal Name
Added Entry Personal Name Alagarsamy, V
942 ## - ADDED ENTRY ELEMENTS (KOHA)
Koha item type Books
Holdings
Withdrawn status Lost status Source of classification or shelving scheme Damaged status Not for loan Location (home branch) Sublocation or collection (holding branch) Shelving location Date acquired Koha issues (times borrowed) Koha full call number Accession No. Koha date last seen Koha item type
    Dewey Decimal Classification     VIVEKANANDA LIBRARY VIVEKANANDA LIBRARY Vivekananda Library 22/01/2025   615.19 S71P 441787 22/01/2025 Books
© Designed and Maintained by Vivekananda Library, MDU Rohtak